Buongiorno, Maria (Record n. 104342)

Dettagli MARC
000 -LEADER
fixed length control field 01311nam a22001697a 4500
003 - CONTROL NUMBER IDENTIFIER
control field IT-RoPau
005 - DATE AND TIME OF LATEST TRANSACTION
control field 20220918181220.0
008 - FIXED-LENGTH DATA ELEMENTS--GENERAL INFORMATION
fixed length control field 140503b xxu||||| |||| 00| 0 eng d
040 ## - CATALOGING SOURCE
Transcribing agency IT-RoPau
100 ## - MAIN ENTRY--PERSONAL NAME
Personal name Farronato, Lina
9 (RLIN) 23600
245 ## - TITLE STATEMENT
Title Buongiorno, Maria
Remainder of title Prefazione di Tullio Goffi. In appendice preghiera di Giovanni Paolo II a Fatima. Illustrazioni di Maria Rosa Rusconi
260 ## - PUBLICATION, DISTRIBUTION, ETC. (IMPRINT)
Place of publication, distribution, etc. Barzanò (Como)
Name of publisher, distributor, etc. Casa Edtrice MARNA srl
Date of publication, distribution, etc. 1991
300 ## - PHYSICAL DESCRIPTION
Extent 74 pp.
Dimensions 21 cm
490 ## - SERIES STATEMENT
Series statement Collana "Sorgenti" - MARNA. 1° Edizione
518 ## - DATE/TIME AND PLACE OF AN EVENT NOTE
Date/time and place of an event note Indice<br/><br/>Nostra Madre<br/>Bellissima tra le donne<br/>Giocare davanti a Dio<br/>Nostra sorella<br/>Un sì difficile<br/>La serva del Signore<br/>Il viaggio<br/>Una visita di gioia<br/>Il canto dell'amore<br/>Una mamma in attesa<br/>Un grande amore in crisi<br/>Anche Cesare ubbidisce a Dio<br/>Il dramma dei senzatetto<br/>Madre di Dio<br/>Pace agli uonini amati da Dio<br/>Gli occhi che vedono oltre<br/>Chiudere gli occhi all'evidenza<br/>Una tragica fuga<br/>Tutta la terra è di Dio<br/>Vivere nel provvisorio<br/>Una bella famiglia<br/>La casa del Signore<br/>Una bravissima madre di famiglia<br/>La partenza del figlio<br/>Un pranzo di nozze<br/>Una madre nel dolore<br/>Donna, ecco tuo figlio!<br/>Gesù ha vinto la morte<br/>Madre della comunità dei credenti<br/>La Vita oltre oltre la vita<br/>Anche il tuo corpo vive<br/>Cammina con noi, Madre della speranza
942 ## - ADDED ENTRY ELEMENTS (KOHA)
Source of classification or shelving scheme Dewey Decimal Classification
Koha item type LIBRO
Dati di copia
Withdrawn status Lost status Source of classification or shelving scheme Damaged status Not for loan Home library Current library Date acquired Total Checkouts Full call number Date last seen Price effective from Koha item type
    Dewey Decimal Classification Buone Condizioni Not For Loan PAULUS-BIBLIOTECA PAULUS-BIBLIOTECA 03/05/2014   P D5 03/05/2014 03/05/2014 LIBRO
CREDITS: SOCIETA' SAN PAOLO Via A.Severo, 58 - ROMA (RM) & PERIODICI SAN PAOLO SRL Via Giotto, 36 MILANO & CISF Via Giotto, 36 MILANO & EDIZIONI SAN PAOLO SRL,  Piazza Soncino, 5 CINISELLO BALSAMO (MI) -- ITALY